Battleship Game - Randomized - Statistics

General Stats
  • This quiz has been taken 53 times
  • The average score is 11 of 14
Answers on the Map
Answers color-coded by a green-red scale on the quiz's map according to % correct below.
 
Answer Stats
Answer % Correct
A1
100%
A1
100%
A1
100%
A1
100%
A1
100%
A1
100%
A1
100%
A1
100%
A2
100%
A2
100%
A2
100%
A2
100%
A2
100%
A2
100%
A3
100%
A3
100%
A3
100%
A3
100%
A3
100%
A3
100%
A3
100%
A4
100%
A4
100%
A4
100%
A4
100%
A4
100%
A4
100%
A4
100%
A4
100%
A5
100%
A5
100%
A5
100%
A5
100%
A5
100%
A5
100%
A5
100%
B1
100%
B1
100%
B1
100%
B1
100%
B1
100%
B1
100%
B1
100%
B1
100%
B2
100%
B2
100%
B2
100%
B2
100%
B2
100%
B3
100%
B3
100%
B3
100%
B3
100%
B3
100%
B3
100%
B4
100%
B4
100%
B4
100%
B4
100%
B4
100%
B4
100%
B4
100%
B5
100%
B5
100%
B5
100%
B5
100%
B5
100%
B5
100%
B5
100%
B5
100%
B5
100%
C1
100%
C1
100%
C1
100%
C1
100%
C1
100%
C1
100%
C1
100%
C1
100%
C1
100%
C1
100%
C2
100%
C2
100%
C2
100%
C2
100%
C2
100%
C3
100%
C3
100%
C3
100%
C3
100%
C3
100%
C4
100%
C4
100%
C4
100%
C4
100%
C4
100%
C4
100%
C5
100%
C5
100%
C5
100%
C5
100%
C5
100%
C5
100%
C5
100%
C5
100%
D1
100%
D1
100%
D1
100%
D1
100%
D1
100%
D1
100%
D1
100%
D1
100%
D1
100%
D1
100%
D1
100%
D1
100%
D1
100%
D2
100%
D2
100%
D2
100%
D2
100%
D2
100%
D2
100%
D2
100%
D2
100%
D3
100%
D3
100%
D3
100%
D3
100%
D3
100%
D3
100%
D3
100%
D3
100%
D4
100%
D4
100%
D4
100%
D4
100%
D4
100%
D4
100%
D4
100%
D4
100%
D5
100%
D5
100%
D5
100%
D5
100%
D5
100%
D5
100%
D5
100%
D5
100%
D5
100%
D5
100%
E1
100%
E1
100%
E1
100%
E1
100%
E1
100%
E1
100%
E2
100%
E2
100%
E2
100%
E2
100%
E2
100%
E2
100%
E3
100%
E3
100%
E3
100%
E3
100%
E3
100%
E3
100%
E4
100%
E4
100%
E4
100%
E4
100%
E4
100%
E4
100%
E5
100%
E5
100%
E5
100%
E5
100%
A1
75%
B1
75%
D3
75%
E2
75%
E3
75%
A2
67%
A5
67%
B1
67%
B2
67%
B5
67%
C1
67%
C5
67%
C5
67%
D1
67%
D2
67%
E1
67%
E1
67%
E2
67%
E3
67%
E4
67%
E5
67%
A2
50%
A5
50%
A5
50%
B2
50%
B5
50%
C1
50%
C2
50%
C5
50%
D3
50%
D5
50%
E2
50%
E3
50%
E3
50%
E4
50%
E5
50%
B1
33%
E3
33%
E4
33%
E4
33%
A1
0%
A1
0%
A1
0%
A2
0%
A2
0%
A2
0%
A2
0%
A3
0%
A3
0%
A3
0%
A3
0%
A3
0%
A3
0%
A4
0%
A4
0%
A4
0%
A4
0%
A4
0%
A4
0%
A5
0%
A5
0%
B1
0%
B1
0%
B1
0%
B1
0%
B1
0%
B2
0%
B2
0%
B2
0%
B3
0%
B3
0%
B3
0%
B4
0%
B4
0%
B4
0%
B4
0%
B4
0%
B5
0%
B5
0%
B5
0%
B5
0%
B5
0%
B5
0%
C1
0%
C1
0%
C1
0%
C1
0%
C1
0%
C1
0%
C1
0%
C2
0%
C2
0%
C2
0%
C2
0%
C3
0%
C3
0%
C3
0%
C3
0%
C3
0%
C4
0%
C4
0%
C4
0%
C4
0%
C4
0%
C4
0%
C5
0%
C5
0%
C5
0%
C5
0%
C5
0%
C5
0%
C5
0%
C5
0%
D1
0%
D1
0%
D1
0%
D1
0%
D2
0%
D2
0%
D2
0%
D2
0%
D3
0%
D3
0%
D3
0%
D3
0%
D3
0%
D4
0%
D4
0%
D4
0%
D4
0%
D4
0%
D5
0%
D5
0%
D5
0%
D5
0%
D5
0%
E1
0%
E1
0%
E1
0%
E1
0%
E1
0%
E1
0%
E1
0%
E2
0%
E2
0%
E2
0%
E2
0%
E2
0%
E2
0%
E3
0%
E3
0%
E3
0%
E3
0%
E3
0%
E3
0%
E3
0%
E4
0%
E4
0%
E4
0%
E4
0%
E4
0%
E4
0%
E4
0%
E5
0%
E5
0%
E5
0%
E5
0%
E5
0%
E5
0%
E5
0%
No matching quizzes found
Score Distribution
Percent of People with Each Score
Percentile by Number Answered
Your Score History
You have not taken this quiz